000 01383nam a2200325Ia 4500
001 ebr10687697
003 CaPaEBR
006 m u
007 cr cn|||||||||
008 130306s2013 ne sb 000 0 eng d
020 _z9789462091795 (electronic bk.)
020 _z946209179X (electronic bk.)
020 _z9789462091771
040 _aCaPaEBR
_cCaPaEBR
035 _a(OCoLC)829102683
050 1 4 _aLC4037.I4
_bA58 2013eb
100 1 _aAntony, Pavan John.
245 1 0 _aSegregation hurts
_h[electronic resource] :
_bvoices of youth with disabilities and their families in India /
_cPavan John Antony.
260 _aRotterdam ;
_aBoston :
_bSensePublishers,
_cc2013.
300 _a263 p.
490 1 _aStudies in inclusive education ;
_vv.19
504 _aIncludes bibliographical references.
533 _aElectronic reproduction.
_bPalo Alto, Calif. :
_cebrary,
_d2013.
_nAvailable via World Wide Web.
_nAccess may be limited to ebrary affiliated libraries.
650 0 _aChildren with disabilities
_xEducation
_zIndia
_vCase studies.
650 0 _aSegregation in education
_zIndia.
655 7 _aElectronic books.
_2local
710 2 _aebrary, Inc.
830 0 _aStudies in inclusive education (Sense Publishers) ;
_vv. 19.
856 4 0 _uhttp://site.ebrary.com/lib/rucke/Doc?id=10687697
_zAn electronic book accessible through the World Wide Web; click to view
999 _c12015
_d12015